[Event "CRO-chT3"]
[Site "Bjelovar"]
[Date "2008.04.27"]
[Round "5"]
[White "Gujic, Vladimir"]
[Black "Mihajlovic, Sladjana"]
[Result "1-0"]
[WhiteElo "2025"]
[BlackElo "1685"]
[PlyCount "107"]
[EventDate "2008.03.30"]
[EventType "team-tourn"]
[EventRounds "9"]
[EventCountry "CRO"]
[SourceTitle "EXT 2011"]
[Source "ChessBase"]
[SourceDate "2010.11.26"]
[SourceVersion "1"]
[SourceVersionDate "2010.11.26"]
[SourceQuality "1"]

1. d4 d5 2. c4 c6 3. Nf3 Nf6 4. Nc3 e6 5. e3 b6 6. Bd3 dxc4 7. Bxc4 Bb7 8. 0-0 Be7 9. Qe2 0-0 10. Rd1 Qc7 11. e4 b5 12. Bd3 a6 13. e5 Ne8 14. Bg5 Qd8 15. Qe4 g6 16. Qh4 f6 17. exf6 Bxf6 18. Ne4 Nd7 19. Nxf6+ Nexf6 20. Ne5 Qe8 21. Bh6 Nxe5 22. dxe5 Nd5 23. Bxf8 Qxf8 24. Qg4 Qf7 25. Rac1 Rf8 26. Rd2 Qe7 27. g3 c5 28. Be4 c4 29. a3 Re8 30. Rdc2 Qg7 31. Re2 Ba8 32. Bg2 Qa7 33. Rd1 Qf7 34. Qd4 Qb7 35. f4 Qc6 36. Bxd5 Qxd5 37. Qxd5 Bxd5 38. Kf2 Kg7 39. Re3 a5 40. Ke2 b4 41. axb4 axb4 42. Ra1 Re7 43. Kd2 Rf7 44. Ree1 h6 45. Ke3 g5 46. Rf1 g4 47. Kd4 Kg6 48. Ra4 b3 49. Ra6 h5 50. Rd6 Kf5 51. Rf2 Rf8 52. Rxd5 exd5 53. Kxd5 Rc8 54. Kd4 1-0

[Event "Velika Gorica op 7th"]
[Site "Velika Gorica"]
[Date "2007.08.22"]
[Round "6"]
[White "Gujic, Vladimir"]
[Black "Kamenecki, Stjepan"]
[Result "0-1"]
[WhiteElo "2033"]
[BlackElo "1910"]
[PlyCount "68"]
[EventDate "2007.08.18"]
[EventType "swiss"]
[EventRounds "9"]
[EventCountry "CRO"]
[SourceTitle "CBM 120 Extra"]
[Source "ChessBase"]
[SourceDate "2007.11.01"]
[SourceVersion "1"]
[SourceVersionDate "2007.11.01"]
[SourceQuality "1"]

1. d4 Nf6 2. Nf3 g6 3. c4 Bg7 4. Nc3 0-0 5. e4 d6 6. Be2 c5 7. d5 e5 8. Bg5 a6 9. Qd2 Nbd7 10. 0-0 Qc7 11. Rab1 Nh5 12. g3 f6 13. Be3 f5 14. Bh6 Ndf6 15. Bxg7 Qxg7 16. exf5 gxf5 17. Ng5 f4 18. Ne6 Bxe6 19. dxe6 Qe7 20. Qd1 Ng7 21. Nd5 Nxd5 22. cxd5 b5 23. Bf3 Qg5 24. g4 Nf5 25. Kh1 Nd4 26. Rg1 Rf6 27. Qd3 Rh6 28. Rg2 Rf8 29. Re1 Rh3 30. Qa3 Nxf3 31. e7 Qxe7 32. g5 Qf7 33. g6 hxg6 34. Rd1 Qh7 0-1

[Event "Velika Gorica op 7th"]
[Site "Velika Gorica"]
[Date "2007.08.20"]
[Round "4"]
[White "Lasic, Luka"]
[Black "Gujic, Vladimir"]
[Result "1-0"]
[WhiteElo "2238"]
[BlackElo "2033"]
[PlyCount "171"]
[EventDate "2007.08.18"]
[EventType "swiss"]
[EventRounds "9"]
[EventCountry "CRO"]
[SourceTitle "CBM 120 Extra"]
[Source "ChessBase"]
[SourceDate "2007.11.01"]
[SourceVersion "1"]
[SourceVersionDate "2007.11.01"]
[SourceQuality "1"]

1. e4 c6 2. d4 d5 3. e5 Bf5 4. Nf3 e6 5. Be2 c5 6. 0-0 Nd7 7. Nbd2 Ne7 8. c3 Nc6 9. Bb5 Qb6 10. Qa4 Rc8 11. Nh4 Bg6 12. Nxg6 hxg6 13. Nf3 Be7 14. Be3 c4 15. b4 a6 16. Bxc6 Qxc6 17. Qc2 Qc7 18. Rfb1 b6 19. Bg5 Rh5 20. Be3 Kf8 21. g3 Kg8 22. h4 Rh8 23. Kg2 Nf8 24. Rh1 Nh7 25. h5 g5 26. h6 g6 27. Nh2 Ra8 28. Ng4 Qd8 29. a4 Ra7 30. Rag1 Qe8 31. Kf1 Qd8 32. Ke2 Kf8 33. Rf1 Ke8 34. f4 Rf8 35. fxg5 Bxg5 36. Qd2 Be7 37. Rf2 Qd7 38. Qc2 Bd8 39. Rhf1 Qc6 40. Rf3 Rd7 41. Nf2 Qb7 42. Nh3 Rg8 43. R3f2 Qc7 44. Qd2 Qc6 45. Qc2 Qb7 46. Kf3 Qc6 47. Kg2 Rf8 48. Bc1 Qb7 49. Bd2 Qc6 50. Ra1 Qb7 51. Qc1 Rh8 52. Rf3 Qc7 53. Qc2 Rg8 54. Rff1 Rf8 55. Qc1 Rh8 56. Nf4 Nf8 57. Qc2 Rg8 58. Rh1 Rh8 59. Raf1 Rh7 60. Nh3 Rh8 61. Rf3 Nh7 62. Rhf1 Rg8 63. R3f2 Qb7 64. Qc1 Qc7 65. Bg5 Rh8 66. Be3 Rf8 67. Nf4 Rg8 68. Qc2 Nf8 69. Bc1 Qb7 70. Rh1 Rh8 71. h7 Bg5 72. Nxg6 fxg6 73. Bxg5 Rhxh7 74. Rhf1 Rdf7 75. Rf6 Rxf6 76. Rxf6 Rf7 77. Qf2 Qd7 78. b5 a5 79. Qf4 Qc7 80. Bh4 Qd7 81. Kh3 Rxf6 82. Qxf6 Qc7 83. Bg5 Qh7+ 84. Kg4 Qd7 85. Bh6 Nh7 86. Qh8+ 1-0

[Event "Velika Gorica op 6th"]
[Site "Velika Gorica"]
[Date "2006.08.24"]
[Round "7"]
[White "Gujic, Vladimir"]
[Black "Soldo, Robert"]
[Result "1-0"]
[WhiteElo "2054"]
[BlackElo "2165"]
[PlyCount "73"]
[EventDate "2006.08.19"]
[EventType "swiss"]
[EventRounds "9"]
[EventCountry "CRO"]
[SourceTitle "CBM 113 Extra"]
[Source "ChessBase"]
[SourceDate "2006.09.14"]
[SourceVersion "1"]
[SourceVersionDate "2006.09.14"]
[SourceQuality "1"]

1. d4 Nf6 2. c4 e6 3. a3 c5 4. d5 b5 5. Bg5 bxc4 6. Nc3 Qb6 7. Qd2 Ba6 8. Bxf6 gxf6 9. e3 Be7 10. Nf3 Rg8 11. Rc1 d6 12. Qc2 f5 13. g3 Nd7 14. Bg2 Rb8 15. Qa4 Bf6 16. 0-0 Ke7 17. Rfd1 Bb5 18. Qc2 a5 19. e4 Bxc3 20. bxc3 fxe4 21. Qxe4 Nf6 22. Qe2 Bd7 23. dxe6 Bxe6 24. Nh4 Rgd8 25. f4 Kf8 26. f5 Bc8 27. Re1 d5 28. Qe7+ Kg7 29. Qe3 h6 30. g4 d4 31. Qd2 Nxg4 32. Qf4 Nf6 33. Qg3+ Kh7 34. Re7 Rd7 35. Qg6+ Kh8 36. Qxh6+ Nh7 37. Re8# 1-0

[Event "Velika Gorica op 5th"]
[Site "Velika Gorica"]
[Date "2005.08.27"]
[Round "9"]
[White "Gujic, Vladimir"]
[Black "Rozic, Marijan"]
[Result "0-1"]
[WhiteElo "2066"]
[BlackElo "2109"]
[PlyCount "72"]
[EventDate "2005.08.20"]
[EventType "swiss"]
[EventRounds "9"]
[EventCountry "CRO"]
[SourceTitle "CBM 108 Extra"]
[Source "ChessBase"]
[SourceDate "2005.11.04"]
[SourceVersion "1"]
[SourceVersionDate "2005.11.04"]
[SourceQuality "1"]

1. d4 Nf6 2. c4 g6 3. Nc3 d5 4. cxd5 Nxd5 5. e4 Nxc3 6. bxc3 Bg7 7. Be3 c5 8. Qd2 0-0 9. Nf3 Nc6 10. Rc1 Bg4 11. d5 Bxf3 12. gxf3 Ne5 13. Be2 Qc8 14. h3 c4 15. f4 Nd7 16. Bd4 b5 17. Bxg7 Kxg7 18. Qd4+ Kg8 19. e5 Qc5 20. Qd2 Nb6 21. Bf3 Rad8 22. Rd1 Nxd5 23. f5 Nb6 24. Qf4 Rxd1+ 25. Bxd1 Nd7 26. 0-0 Nxe5 27. f6 Nd3 28. Qh4 exf6 29. Qxf6 Re8 30. h4 Qe5 31. Qc6 Nf4 32. Bf3 Kg7 33. Rc1 Re6 34. Qd7 Nd3 35. Rb1 Rf6 36. Qg4 Qxc3 0-1